000 00786nam a2200241 c 4500
001 a5230099
003 CO-ViMGA
005 20230915225030.0
008 120702s2012 sp a | |||| 000 0 spa
020 _a9786077075714
040 _aCO-ViMGA
_bspa
_cCO-ViMGA
082 0 4 _a650
_bJ68p
100 1 _aCruelles, Jose Ǎgustin̕
_d1974-
_91326
245 1 0 _aProductividad en tareas administrativas :
_bla oficina eficiente
_cJose Ǎgustin̕ Cruelles
250 _a1® ed.
260 _aTorrijos de Toledo
_bZadecon ;
_aBarcelona
_bMarcombo
_c2012
300 _a244p.
_bil., grf̀.
_c24 cm
490 0 _aProductividad industrial
650 1 7 _aOficinas
_xGestin̤
_2embne
_91327
650 1 7 _aOrganizacin̤ del trabajo
_2embne
_91059
650 1 7 _aProductividad
_2embne
_91328
942 _2ddc
_cBK
999 _c12253
_d12253